[Event "Pan American-ch U20"]
[Site "Cochabamba"]
[Date "2019.08.03"]
[Round "5"]
[White "Araujo Miranda, Styven Sandro"]
[Black "Mollo, Jhoan"]
[Result "0-1"]
[WhiteElo "1347"]
[BlackElo "2023"]
[PlyCount "56"]
[EventDate "2019.08.01"]
[EventType "swiss"]
[EventRounds "9"]
[EventCountry "BOL"]
[SourceTitle "EXT 2020"]
[Source "ChessBase"]
[SourceDate "2019.10.17"]
[SourceVersion "1"]
[SourceVersionDate "2019.10.17"]
[SourceQuality "1"]

1. c4 c6 2. d4 d5 3. c5 Nf6 4. Nf3 g6 5. b4 Bg7 6. Bb2 0-0 7. e3 Bg4 8. Be2 Nbd7 9. Nbd2 Re8 10. 0-0 Qc7 11. Qc2 Bf5 12. Bd3 Bxd3 13. Qxd3 Nh5 14. Rfe1 e5 15. dxe5 Nxe5 16. Bxe5 Bxe5 17. Nxe5 Qxe5 18. Qd4 Qe7 19. g4 Ng7 20. Qf4 Ne6 21. Qg3 Ng5 22. f3 a5 23. h4 Ne6 24. a3 Qf6 25. Nb3 axb4 26. axb4 Rxa1 27. Rxa1 Qb2 28. Qe1 Qxb3 0-1